000 00442nam a22001577a 4500
008 250522b |||||||| |||| 00| 0 eng d
020 _a9780717692
050 _aRM108
_b.M87 2012
100 _aMustapha R.O.
245 _aThe Easier Approach To Pharmacology For All Health Professionals.
250 _aThird Edition
260 _aKwara
_bAkins Media Prints
_c2012
300 _a427p:
_billustration;
650 _aPharmacology
942 _cBK
999 _c3592
_d3592